00489nam a2200193 a 4500001001300000003000900013005001700022008004100039020001000080082001700090100002100107245002700128260004200155300000800197500003500205505001600240650001800256700002100274nice12345678IN_TiNIC20260116012952.0050524s1983 rama grp 000 0 urd  ac10000a297.52bMUH1 aMuhammad, Maulvi aNamaaz Ka Urdu Tarjuma aRampurbSharafat Printing Pressc1983 a16p aincludes index and biblioraphy2 aManuscript. aIslam-Prayers1 aMuhammad, Maulvi